One Piece Alphabet - Statistics

General Stats
  • This quiz has been taken 509 times
  • The average score is 21 of 26
Answer Stats
Letter Hint Answer % Correct
B Nickname of Charlotte Linlin Big Mom
96%
O Name of the legendary treasure found by Roger One Piece
90%
S Name of Luffy and Ace's brother Sabo
88%
K Name of the Admiral with light powers Kizaru
87%
M Main character Monkey D. Luffy
87%
Z Name of Luffy's swordsman Zoro
86%
A Name of the newest fleet admiral Akainu
85%
I Secret ruler of the world Imu
84%
V Smartest man in the world Vegapunk
84%
L Head of CP-9 and CP-0 Lucci
83%
Y Son of Kaido Yamato
83%
Q Name of Kaido's third in command Queen
82%
E Title of the four pirates who rule the 2nd half of the Grand Line Emperor of the Sea
81%
J Name of the first pirate Joyboy
80%
F Nickname of Portgas D. Ace Fire-Fist
79%
N Name of the 2nd half of the Grand Line New World
79%
D Cursed fruit Devil Fruit
78%
W Name of the country lockedoff from the rest of the world Wano
78%
H Power system of One Piece Haki
77%
X Pirate defeated by a team up between Garp and Roger Xebec
77%
P Stones that contain the history of the world Poneglyph
73%
C What does "CP" stand for? Cipher Pol
69%
R Main opposition to the World Governmentand the Celestial Dragons Revolutionary Army
69%
G Technologically advanced group led by the Vinsmoke family Germa 66
67%
U Sky Island member of the Worst Generation Urouge
66%
T Name of the incredibly tiny race on Dressorsa Tontatta
59%
No matching quizzes found
Score Distribution
Percent of People with Each Score
Percentile by Number Answered
Your Score History
You have not taken this quiz